Quels membres de ces groupes de kpop ont déjà été en hiatus ? - Statistiques

Statistiques générales
  • Ce quiz a été pris 141 fois
  • Le résultat moyen est 8 sur 23
Statistiques - réponses
Question Réponse % Correct
Quelle membre de Itzy a déjà été en hiatus ? Lia
88%
Quel membre de Babymonster a déjà été en hiatus ? Ahyeon
63%
Quel membre de Stray Kids a déjà été en hiatus ? Hyunjin
60%
Quelles membres de Twice ont déjà été en hiatus ? Mina / Jeongyeon
54%
Quel membre de BTS a déjà été en hiatus ? Suga
54%
Quelle membre de I-dle a déjà été en hiatus ? Shuhua
52%
Quelle membre de Ive a déjà été en hiatus ? Rei
46%
Quel membre de Ateez a déjà été en hiatus ? Mingi
45%
Quel membre de TXT a déjà été en hiatus ? Beomgyu
31%
Quel membre de SHINee a déjà été en hiatus ? Onew
31%
Quel membre de WayV a déjà été en hiatus ? Winwin
29%
Quel membre de Nct 127 a déjà été en hiatus ? Jungwoo
28%
Quel membre de Ikon a déjà été en hiatus ? Ju-ne
24%
Quelle membre de Red Velvet a déjà été en hiatus ? Wendy
24%
Quel membre de Nct Dream a déjà été en hiatus ? Jaemin
23%
Quels membres de Monsta X ont déjà été en hiatus ? Kihyun / Shownu
23%
Quel membre de Enhypen a déjà été en hiatus ? Sunghoon
22%
Quelle membre de Aespa a déjà été en hiatus ? Winter
19%
Quel membre de P1Harmony a déjà été en hiatus ? Jiung
18%
Quel membre de A.c.e a déjà été en hiatus ? Junhee
18%
Quel membre de Mcnd a déjà été en hiatus ? Castle J
16%
Quelles membres de Blackpink ont déjà été en hiatus ? Rosé / Lisa
14%
Quelle membre de Le sserafim a déjà été en hiatus ? Kazuha
13%
Aucun quiz correspondant
Distribution des résultats
% des personnes avec chaque résultat
Percentile par nombre de réponses
Votre historique - résultats
Vous n’avez pas pris ce quiz